000 00993nam a2200277Ia 4500
003 GCL
008 140319s9999 xx 000 0 ara d
040 _aGCL /
_cGCL
082 0 4 _a953
_bج ح
100 1 _aجرونيباوم، جوستاف فون \\=aعبدالعزيز توفيقv
245 1 0 _aحضارة الاسلام /
_cجرونيباوم، جوستاف فون
700 1 _aعبدالحميد العبادى
260 _aالقاهرة :
_bالهيئة المصرية العامة للكتاب ،
_c1994
300 _a509 ص ؛
_c24 سم
490 _a
650 0 4 _aالاسلام
650 0 4 _aالاخلاق الاسلامية
650 0 4 _aالاسلام والعلم
650 0 4 _aالتاريخ الاسلامى
650 0 4 _aالفقه الاسلامى
650 0 4 _aالاسلام والادب العربى
650 0 4 _aالحضارة الاسلامية
650 0 4 _aنظام الحكم
650 0 4 _aالاسلام والسياسة
942 _2ddc
_cBK
999 _c29048
_d29048